000 01020nam a2200193 ar4500
001 4057
005 20221127090854.0
008 141225s su a r o00010 ara d
020 _a978603171505
082 0 4 _a378.0025531
_bس403 د ت
110 1 _aالسعودية.
_bوزارة التعليم العالي.
_bمركز احصاءات التعليم العالي.
245 1 0 _aدليل التخصصات في مؤسسات التعليم العالي في المملكة العربية السعودية العام الدراسي 1434/1435 /
_cاصدار مركز احصاءات التعليم العالي ؛ اشراف عبدالرحمن بن سليمان العنقري.
250 _aط. 3.
260 _aالرياض :
_bوزارة التعليم العالي،
_c2014.
300 _a337 ص. :
_bايض. ؛
_c29 سم.
_e1قرص.
650 4 _aالتعليم العالي
_zالسعودية
_vادلة.
650 4 _aالتعليم العالي
_vادلة.
700 0 _aالعنقري، عبدالرحمن بن سليمان.
999 _c4055
_d4055